000 00596nam a2200181Ia 4500
003 GCL
008 140319s9999 xx 000 0 ara d
040 _aGCL /
_cGCL
082 0 4 _a811.1
_bم ا
100 1 _aمحمد محمد حسين
245 1 0 _aاساليب الصناعة فى شعر الخمر والاسفار بين الاعشى والجاهليين /
_cمحمد محمد حسين
300 _a103 ص
490 _a
650 0 4 _aالشعر العربى
650 0 4 _aالشعر الجاهلى
650 0 4 _aالشعر الجاهلى - دواوين وقصائد
942 _2ddc
_cBK
999 _c46173
_d46173